| 000 | 00732nam a2200217 a 4500 | ||
|---|---|---|---|
| 001 | 000018546 | ||
| 005 | 20200929165825.0 | ||
| 008 | 100511s1988 xxua r 000 0 spa d | ||
| 020 | _a0311110479 | ||
| 040 |
_aDO-SdBNP _bspa _cBNPHU |
||
| 082 |
_a790.1 _bR495j |
||
| 100 | 1 |
_aRice, Wayne _940107 |
|
| 245 | 1 | 0 |
_aJuegos para cada ocasión / _cWayne Rice, Mike Yaconelli ; ilustraciones Dan Pegoda ; traducción Julia A. López Lazo. |
| 260 |
_aEstados Unidos : _bEditorial Mundo Hispano, _c1988. |
||
| 300 |
_a191 p. : _bil. ; _c21 cm. |
||
| 650 | 4 |
_aJuegos _940108 |
|
| 650 | 4 |
_aJuegos en grupos _940109 |
|
| 650 | 4 |
_aJuegos al aire libre _940110 |
|
| 700 | 1 |
_aYaconelli, Mike _940111 |
|
| 700 | 1 |
_aLópez Lazo, Julia A., _etr. _940112 |
|
| 999 |
_c18066 _d18066 |
||